| 000 | 00414nam a2200133 a 4500 | ||
|---|---|---|---|
| 001 | 000038054 | ||
| 005 | 20201002031150.0 | ||
| 008 | 130312s2012 dr 000 0 spa d | ||
| 040 |
_aDO-SdBNP _bspa _cBNPHU |
||
| 100 | 1 |
_aJiménez, Alvaro _9739 |
|
| 245 | 1 | 0 | _aIdeología bidemocrática resumida. |
| 260 |
_aSanto Domingo : _bPartido Bidemocratico Dominicano (PBID), _c2012. |
||
| 300 |
_a32 p. : _bil., retrs. ; _c16 cm. |
||
| 999 |
_c37544 _d37544 |
||